000 00312nam a2200133Ia 4500
005 20251222140050.0
008 251222s1900||||xx |||||||||||||| ||spa||
020 _a8834307402
082 _a210/G61
100 _aGomarasca, Paolo
245 0 _aIl Linguaggio del Male:
264 _bVita & Penseiro
942 _cLIB
999 _c3572
_d3572